[Event "16th EUR-ch"]
[Site "Jerusalem ISR"]
[Date "2015.03.02"]
[Round "6"]
[White "Lupulescu, Constantin"]
[Black "Yilmazyerli, Mert"]
[Result "1-0"]
[WhiteElo "2626"]
[BlackElo "2465"]
[EventDate "2015.02.24"]
[PlyCount "129"]

1.d4 g6 2.c4 Bg7 3.Nf3 d6 4.Nc3 e5 5.e4 exd4 6.Nxd4 Nf6 7.f3 O-O 8.Be3 Re8
9.Qd2 Nc6 10.Be2 Nh5 11.O-O-O Nxd4 12.Bxd4 Bxd4 13.Qxd4 Qg5+ 14.Qd2 Qxd2+ 
15.Rxd2 Nf4 16.Nd5 Nxd5 17.cxd5 f5 18.Bd3 fxe4 19.Bxe4 Bf5 20.Bxf5 gxf5 
21.Rc2 Rac8 22.Rd1 Kf7 23.Rd4 Re7 24.Rb4 Rb8 25.Kd2 Kg6 26.Kd3 h5 27.Rc3 
a5 28.Ra4 b6 29.Rac4 Rb7 30.Kd4 b5 31.Rc6 Kf6 32.Rc2 Re1 33.Rc1 Re2 34.
R1c2 Re1 35.Rc1 Re2 36.R6c2 Re5 37.a3 b4 38.a4 b3 39.Rxc7 Rxc7 40.Rxc7 Re2
41.Rd7 Rxb2 42.Rxd6+ Kf7 43.Rb6 Rxg2 44.Rxb3 Rxh2 45.Ke5 Re2+ 46.Kxf5 Ke7 
47.Rb5 Kd6 48.Rxa5 h4 49.Kg4 Rf2 50.Ra6+ Kxd5 51.Rh6 Rg2+ 52.Kxh4 Ke5 53.
Kh3 Rg1 54.Rh4 Ra1 55.Kg3 Rg1+ 56.Kf2 Ra1 57.Re4+ Kf5 58.Rb4 Ke5 59.f4+ 
Kf5 60.Ke3 Ra3+ 61.Kd2 Rh3 62.Rd4 Rh1 63.Kc3 Rb1 64.a5 Ra1 65.Kb4 1-0

[Event "16th EUR-ch"]
[Site "Jerusalem ISR"]
[Date "2015.03.02"]
[Round "6"]
[White "Riazantsev, Alexander"]
[Black "Iljiushenok, Ilia"]
[Result "0-1"]
[WhiteElo "2688"]
[BlackElo "2450"]
[EventDate "2015.02.24"]
[PlyCount "84"]

1.d4 d5 2.c4 e5 3.dxe5 d4 4.Nf3 Nc6 5.a3 Nge7 6.Nbd2 Ng6 7.Nb3 Ngxe5 8.
Nxe5 Nxe5 9.Qxd4 Qxd4 10.Nxd4 Nxc4 11.e4 Ne5 12.Nb5 Kd8 13.Bf4 Bd6 14.Bg3 
a6 15.Nxd6 cxd6 16.O-O-O Ke7 17.b3 Rd8 18.Kb2 f6 19.Be2 Be6 20.Rhe1 Bf7 
21.f3 Rac8 22.Bf2 Nd7 23.Rd2 Rc6 24.Bd1 Rdc8 25.Bc2 Ne5 26.Bd4 Rxc2+ 27.
Rxc2 Nd3+ 28.Kb1 Rxc2 29.Rd1 Rxg2 30.Rxd3 Rxh2 31.Bb6 d5 32.Rc3 dxe4 33.
Rc7+ Ke6 34.fxe4 Bg6 35.Rxg7 Bxe4+ 36.Kc1 h5 37.Bd8 Rf2 38.Kd1 Rf3 39.Ke2 
Rxb3 40.Re7+ Kd5 41.Rd7+ Kc6 42.Rc7+ Kd6 0-1

[Event "16th EUR-ch"]
[Site "Jerusalem ISR"]
[Date "2015.03.02"]
[Round "6"]
[White "Kravtsiv, Martyn"]
[Black "Kryvoruchko, Yuriy"]
[Result "1/2-1/2"]
[WhiteElo "2565"]
[BlackElo "2692"]
[EventDate "2015.02.24"]
[PlyCount "47"]

1.e4 e5 2.Nf3 Nc6 3.Bb5 Nf6 4.O-O Nxe4 5.Re1 Nd6 6.Nxe5 Be7 7.Bf1 Nxe5 8.
Rxe5 O-O 9.Nc3 Bf6 10.Re1 Re8 11.d4 Rxe1 12.Qxe1 Bxd4 13.Bf4 Ne8 14.Nd5 c6
15.Ne7+ Kf8 16.Nxc8 Qf6 17.Bg3 Rxc8 18.Qb4+ d6 19.Qxb7 Rc7 20.Qb8 Bxb2 21.
Bxd6+ Qxd6 22.Qxb2 Re7 23.Rb1 Qc5 24.Bd3 1/2-1/2

[Event "16th EUR-ch"]
[Site "Jerusalem ISR"]
[Date "2015.03.02"]
[Round "6"]
[White "Cheparinov, Ivan"]
[Black "Kogan, Artur"]
[Result "1-0"]
[WhiteElo "2681"]
[BlackElo "2555"]
[EventDate "2015.02.24"]
[PlyCount "60"]

1.d4 d5 2.Nf3 Nf6 3.c4 c6 4.Nc3 a6 5.e3 e6 6.b3 c5 7.Bb2 cxd4 8.Nxd4 Nc6 
9.cxd5 exd5 10.Be2 Bd6 11.O-O O-O 12.Rc1 Qe7 13.Na4 Rd8 14.Rxc6 bxc6 15.
Nxc6 Bxh2+ 16.Kxh2 Qd6+ 17.Ne5 Re8 18.Qd4 Bg4 19.Bd3 Nd7 20.f4 Nxe5 21.
fxe5 Qh6+ 22.Kg1 Rab8 23.Qxg4 Qxe3+ 24.Kh2 Qxd3 25.e6 f6 26.Rxf6 g6 27.Nc5
Rb4 28.Qxb4 Qe3 29.Qd4 Qh6+ 30.Kg1 Qe3+ 1-0

[Event "16th EUR-ch"]
[Site "Jerusalem ISR"]
[Date "2015.03.02"]
[Round "6"]
[White "Alekseev, Evgeny"]
[Black "Oparin, Grigoriy"]
[Result "1/2-1/2"]
[WhiteElo "2677"]
[BlackElo "2551"]
[EventDate "2015.02.24"]
[PlyCount "115"]

1.d4 Nf6 2.c4 e6 3.Nf3 Bb4+ 4.Nbd2 O-O 5.g3 d5 6.Bg2 b6 7.cxd5 exd5 8.O-O 
Bb7 9.Ne5 Nbd7 10.Ndf3 Re8 11.Bg5 h6 12.Bxf6 Nxf6 13.Rc1 Bd6 14.Nc6 Qd7 
15.Nfe5 Qe6 16.e3 Ne4 17.Qh5 Bxe5 18.Nxe5 c5 19.Rfd1 Rad8 20.b3 Ba6 21.Rc2
Qf6 22.Qf3 Qe6 23.Qh5 Qf6 24.Rdc1 Bc8 25.Qf3 Bf5 26.g4 Bh7 27.Qxf6 Nxf6 
28.Rd2 Rc8 29.Rdd1 g5 30.Bf1 h5 31.h3 hxg4 32.hxg4 Rc7 33.f3 a5 34.Kf2 
Rec8 35.Ba6 Ra8 36.Bb5 Rac8 37.Kg3 Kg7 38.Ba6 Ra8 39.Bb5 Rac8 40.Ba6 Ra8 
41.Bd3 Bxd3 42.Rxd3 a4 43.Rdc3 axb3 44.axb3 Ra3 45.Kf2 Rca7 46.R1c2 Re7 
47.Nd3 Nd7 48.dxc5 bxc5 49.Nxc5 Nxc5 50.Rxc5 Rxb3 51.Rxd5 f6 52.e4 Reb7 
53.Kg3 Rb2 54.Rcc5 Re2 55.e5 Rxe5 56.Rxe5 fxe5 57.Rxe5 Kf6 58.Rf5+ 1/2-1/2

[Event "16th EUR-ch"]
[Site "Jerusalem ISR"]
[Date "2015.03.02"]
[Round "6"]
[White "Zhigalko, Sergei"]
[Black "Mikhalevski, Victor"]
[Result "1/2-1/2"]
[WhiteElo "2675"]
[BlackElo "2559"]
[EventDate "2015.02.24"]
[PlyCount "101"]

1.e4 e5 2.Nf3 Nc6 3.Bb5 a6 4.Ba4 Nge7 5.c3 g6 6.d4 exd4 7.cxd4 b5 8.Bc2 d5
9.exd5 Nxd5 10.O-O Bg7 11.Bg5 Nde7 12.Be4 f6 13.Bf4 O-O 14.Nc3 g5 15.Be3 
h6 16.Re1 g4 17.d5 f5 18.dxc6 fxe4 19.Nd4 Nf5 20.Qb3+ Kh7 21.Nxf5 Bxf5 22.
a4 b4 23.Qxb4 Rb8 24.Qa5 Rxb2 25.Rad1 Qf6 26.Nd5 Qxc6 27.Ne7 Qe6 28.Nxf5 
Qxf5 29.Qxc7 Rf7 30.Qc6 Rf6 31.Qc4 Qe6 32.Qxe6 Rxe6 33.Rd7 Rb4 34.a5 Kg6 
35.g3 Rb5 36.Bb6 Bc3 37.Red1 Bxa5 38.Be3 Bb4 39.Ra7 Bc5 40.Bxc5 Rxc5 41.
Ra1 Rcc6 42.Ra4 h5 43.Kg2 Rf6 44.Ra2 Rce6 45.Ra5 Rb6 46.Ra2 Rbe6 47.Ra5 e3
48.fxe3 Rxe3 49.R7xa6 Re2+ 50.Kg1 Re1+ 51.Kg2 1/2-1/2

[Event "16th EUR-ch"]
[Site "Jerusalem ISR"]
[Date "2015.03.02"]
[Round "6"]
[White "Grachev, Boris"]
[Black "Boruchovsky, Avital"]
[Result "1/2-1/2"]
[WhiteElo "2670"]
[BlackElo "2536"]
[EventDate "2015.02.24"]
[PlyCount "57"]

1.c4 c5 2.Nc3 g6 3.Nf3 Bg7 4.e3 Nf6 5.d4 cxd4 6.exd4 d5 7.Bg5 Ne4 8.Be3 
Nxc3 9.bxc3 Nc6 10.cxd5 Qxd5 11.Be2 O-O 12.O-O Na5 13.Nd2 Qd8 14.Nb3 Be6 
15.Rb1 Rc8 16.Nxa5 Qxa5 17.Rxb7 Bd5 18.Rb5 Qxa2 19.Qa1 Qxe2 20.Rxd5 a6 21.
Qa3 Qc4 22.Rd7 Bf6 23.Rc1 Rfd8 24.Rb7 Rb8 25.Ra7 Rb6 26.Qc5 Rc6 27.Qxc4 
Rxc4 28.Rxa6 Rdc8 29.Ra3 1/2-1/2

[Event "16th EUR-ch"]
[Site "Jerusalem ISR"]
[Date "2015.03.02"]
[Round "6"]
[White "Kovalev, Vladislav"]
[Black "Laznicka, Viktor"]
[Result "0-1"]
[WhiteElo "2531"]
[BlackElo "2670"]
[EventDate "2015.02.24"]
[PlyCount "114"]

1.e4 d5 2.exd5 Qxd5 3.Nc3 Qd8 4.d4 Nf6 5.Nf3 Bg4 6.h3 Bxf3 7.Qxf3 c6 8.Be3
e6 9.Bd3 Be7 10.O-O O-O 11.Ne4 Nd5 12.c4 Nxe3 13.fxe3 Nd7 14.c5 Nf6 15.
Nxf6+ Bxf6 16.b4 Bg5 17.Bc4 Qe7 18.Rab1 Rad8 19.Kh1 g6 20.b5 Qc7 21.Rb3 
Be7 22.a4 Rc8 23.a5 Qxa5 24.bxc6 bxc6 25.Rfb1 Rc7 26.Qf1 Rd7 27.Ra1 Qc7 
28.Ba6 Rb8 29.Rxb8+ Qxb8 30.Rb1 Qg3 31.Qf3 Qxf3 32.gxf3 e5 33.dxe5 Bxc5 
34.e4 Re7 35.f4 g5 36.fxg5 Rxe5 37.Bb7 Rxe4 38.Bxc6 Rh4 39.Rb3 Rh5 40.Rg3 
Be7 41.Re3 Kf8 42.Be4 a5 43.Rf3 Rxg5 44.Bxh7 a4 45.Bc2 a3 46.Bb3 f6 47.Rc3
Bd6 48.Rc6 Ke7 49.Ra6 f5 50.Bc2 f4 51.Ra7+ Kd8 52.Be4 Rg3 53.Bf5 Bc5 54.
Ra5 f3 55.Rxc5 f2 56.Bd3 Rxd3 57.Kg2 Rd1 0-1

[Event "16th EUR-ch"]
[Site "Jerusalem ISR"]
[Date "2015.03.02"]
[Round "6"]
[White "Saric, Ivan"]
[Black "Raznikov, Danny"]
[Result "1-0"]
[WhiteElo "2661"]
[BlackElo "2494"]
[EventDate "2015.02.24"]
[PlyCount "87"]

1.e4 e5 2.Nf3 Nc6 3.Bc4 Bc5 4.O-O Nf6 5.d3 d6 6.c3 O-O 7.Re1 h6 8.Nbd2 a6 
9.Nf1 Ba7 10.Bb3 Re8 11.h3 Be6 12.Ng3 d5 13.exd5 Bxd5 14.Bc2 Bc5 15.Be3 
Bf8 16.Qe2 Qd7 17.Ne4 Nxe4 18.dxe4 Be6 19.b4 Qe7 20.a4 Qf6 21.Nd2 Ne7 22.
Qf3 Qh4 23.Bd3 Ng6 24.Bf1 Rad8 25.Nc4 Bc8 26.g3 Qe7 27.Rad1 Rxd1 28.Rxd1 
Rd8 29.h4 f6 30.Na5 Nh8 31.Bc4+ Nf7 32.Rxd8 Qxd8 33.Qh5 Qe8 34.Bd5 c6 35.
Bb3 Be6 36.Bxe6 Qxe6 37.Nxb7 Qb3 38.Qg4 Qxc3 39.Qc8 Qxb4 40.Bc5 Qb1+ 41.
Kh2 Kh7 42.Bxf8 Qxe4 43.Qd7 Qf3 44.Bc5 1-0

[Event "16th EUR-ch"]
[Site "Jerusalem ISR"]
[Date "2015.03.02"]
[Round "6"]
[White "Abasov, Nijat"]
[Black "Postny, Evgeny"]
[Result "1/2-1/2"]
[WhiteElo "2523"]
[BlackElo "2647"]
[EventDate "2015.02.24"]
[PlyCount "117"]

1.e4 e5 2.Nf3 Nc6 3.Bb5 a6 4.Ba4 Nf6 5.O-O Be7 6.Re1 b5 7.Bb3 d6 8.c3 Na5 
9.Bc2 c5 10.d4 Qc7 11.h3 Bd7 12.Nbd2 cxd4 13.cxd4 Rc8 14.Bd3 O-O 15.a3 Bd8
16.Qe2 Nc6 17.Nb3 exd4 18.Bf4 Re8 19.Rac1 Qb8 20.Nbxd4 Nxd4 21.Nxd4 Rxc1 
22.Rxc1 Bb6 23.Nb3 Be6 24.Nc5 Bxc5 25.Rxc5 Bd5 26.Qc2 Bxe4 27.Bxe4 Nxe4 
28.Rc6 Qb7 29.Rc7 Qd5 30.Re7 Nf6 31.Qc7 h6 32.Bxd6 Rxe7 33.Bxe7 Ne4 34.Bb4
Kh7 35.Qf4 f5 36.Bc3 Nxc3 37.bxc3 Qe4 38.Qd2 Qe7 39.Qf4 Kg6 40.Qg3+ Kf6 
41.a4 Qe5 42.Qh4+ Kg6 43.axb5 Qxb5 44.Qd4 a5 45.c4 Qa6 46.g4 a4 47.c5 a3 
48.Qd5 Kh7 49.c6 a2 50.Qxf5+ Kh8 51.Qf8+ Kh7 52.Qf5+ Kg8 53.Qe6+ Kf8 54.
Qf5+ Ke7 55.Qd7+ Kf8 56.Qf5+ Kg8 57.Qe6+ Kh8 58.Qe8+ Kh7 59.Qe4+ 1/2-1/2

[Event "16th EUR-ch"]
[Site "Jerusalem ISR"]
[Date "2015.03.02"]
[Round "6"]
[White "Romanov, Evgeny"]
[Black "Kjartansson, Gudmundur"]
[Result "1-0"]
[WhiteElo "2625"]
[BlackElo "2484"]
[EventDate "2015.02.24"]
[PlyCount "67"]

1.d4 f5 2.g3 Nf6 3.Bg2 g6 4.Nf3 Bg7 5.c4 O-O 6.O-O d6 7.Nc3 c6 8.b3 Na6 9.
Bb2 Bd7 10.d5 Nc7 11.Qd2 h6 12.Rae1 Ne4 13.Nxe4 fxe4 14.Bxg7 exf3 15.Qxh6 
fxg2 16.Kxg2 cxd5 17.Bb2 d4 18.Qxg6+ Kh8 19.Qh6+ Kg8 20.Qg6+ Kh8 21.Rd1 
Rf6 22.Qh5+ Kg7 23.Rxd4 e5 24.Rh4 Bf5 25.c5 Bg6 26.Qg4 dxc5 27.e4 Qe7 28.
f4 Rd8 29.Bxe5 Rd2+ 30.Kh3 Qxe5 31.fxe5 Rxf1 32.Qg5 Rff2 33.Qh6+ Kf7 34.
Rf4+ 1-0

[Event "16th EUR-ch"]
[Site "Jerusalem ISR"]
[Date "2015.03.02"]
[Round "6"]
[White "Rasulov, Vugar"]
[Black "Demchenko, Anton"]
[Result "0-1"]
[WhiteElo "2508"]
[BlackElo "2615"]
[EventDate "2015.02.24"]
[PlyCount "76"]

1.d4 Nf6 2.c4 d6 3.Nc3 g6 4.e4 Bg7 5.f4 O-O 6.Nf3 c5 7.d5 e6 8.dxe6 fxe6 
9.Bd3 Nc6 10.O-O Nd4 11.Kh1 Nh5 12.Ng5 h6 13.Nh3 e5 14.f5 Nf6 15.Be3 Bd7 
16.Qd2 Ng4 17.fxg6 Be8 18.Rxf8+ Bxf8 19.Rf1 Bxg6 20.Nd5 Bg7 21.Qe1 Kh7 22.
Bd2 Ne6 23.Rf3 Nf6 24.Nf2 Nd4 25.Rh3 Nxd5 26.cxd5 Qf8 27.Ng4 h5 28.Ne3 Kg8
29.Rg3 Bh7 30.Nf5 Nxf5 31.exf5 Kh8 32.Rg5 Qf7 33.Qe2 Bh6 34.Rxh5 Bxd2 35.
Be4 Rg8 36.f6 Rg6 37.Qd3 Rh6 38.Rh3 Bxe4 0-1

[Event "16th EUR-ch"]
[Site "Jerusalem ISR"]
[Date "2015.03.02"]
[Round "6"]
[White "Klein, David"]
[Black "Pantsulaia, Levan"]
[Result "1-0"]
[WhiteElo "2505"]
[BlackElo "2615"]
[EventDate "2015.02.24"]
[PlyCount "167"]

1.e4 c5 2.Nf3 e6 3.d4 cxd4 4.Nxd4 a6 5.Nc3 b5 6.Bd3 Qb6 7.Nf3 Qc7 8.Ne2 
Nc6 9.Bf4 Bd6 10.Bxd6 Qxd6 11.O-O Bb7 12.a4 b4 13.Qd2 Qc5 14.Qf4 d6 15.Qg3
Nf6 16.Qxg7 Ke7 17.Ng3 Rag8 18.Qh6 Rg6 19.Qd2 Rg4 20.Kh1 h5 21.h3 h4 22.
Nf5+ exf5 23.hxg4 fxg4 24.Ng1 Nh5 25.Rae1 Ne5 26.Qe3 a5 27.Qxc5 dxc5 28.
Re3 Rd8 29.b3 Nf4 30.Ne2 Nexd3 31.cxd3 Nxe2 32.Rxe2 Rxd3 33.Rc1 Kd6 34.e5+
Ke6 35.Kh2 Rxb3 36.Rxc5 h3 37.Re3 Rb1 38.gxh3 b3 39.Rb5 Bd5 40.hxg4 Bc4 
41.Rb6+ Kd5 42.e6 fxe6 43.Rexe6 Kd4 44.Re8 Ra1 45.g5 Rxa4 46.g6 Rb4 47.
Rd8+ Kc3 48.Rc6 b2 49.g7 b1=Q 50.g8=Q Qe1 51.Qg3+ Kb2 52.Rcd6 Bb3 53.Rd2+ 
Bc2 54.Qc7 Qe4 55.f3 Qg6 56.Qe5+ Kb3 57.Qe3+ Ka4 58.R8d4 Qc6 59.Kg2 Bb3 
60.Kf2 Bc4 61.Rd1 Qc7 62.Qe8+ Ka3 63.Ra1+ Kb2 64.Rd2+ Kxa1 65.Qh8+ Kb1 66.
Qh1+ Bf1 67.Qxf1+ Qc1 68.Qd3+ Ka1 69.Rd1 Qxd1 70.Qxd1+ Kb2 71.Ke3 a4 72.
Qd2+ Ka3 73.Qc1+ Ka2 74.Qc2+ Ka3 75.f4 Rb3+ 76.Kd4 Rb4+ 77.Kc5 Rb8 78.Kd6 
Rb6+ 79.Kc7 Rb2 80.Qc3+ Rb3 81.Qa1+ Kb4 82.f5 a3 83.f6 Rf3 84.Qd4+ 1-0

[Event "16th EUR-ch"]
[Site "Jerusalem ISR"]
[Date "2015.03.02"]
[Round "6"]
[White "Andersen, Mads"]
[Black "Potkin, Vladimir"]
[Result "0-1"]
[WhiteElo "2494"]
[BlackElo "2605"]
[EventDate "2015.02.24"]
[PlyCount "96"]

1.e4 c5 2.Nf3 e6 3.g3 Nc6 4.Bg2 Nf6 5.Qe2 d5 6.exd5 Nxd5 7.O-O Be7 8.Rd1 
Qb6 9.c3 O-O 10.d4 cxd4 11.Nxd4 Nxd4 12.Rxd4 Bc5 13.Rd1 Bd7 14.c4 Nf6 15.
Nc3 Bc6 16.Bg5 Rfd8 17.b3 Bd4 18.Rac1 h6 19.Be3 Bxe3 20.Qxe3 Qxe3 21.fxe3 
Bxg2 22.Kxg2 Ng4 23.Kf3 Nxh2+ 24.Ke2 Ng4 25.Nb5 Ne5 26.Nd6 Rd7 27.b4 Kf8 
28.c5 Ke7 29.Rd4 b6 30.Re4 f6 31.Nc4 Nd3 32.Rd1 Nxb4 33.Rxd7+ Kxd7 34.Ne5+
fxe5 35.Rxb4 bxc5 36.Rb7+ Kd6 37.Rxg7 Kd5 38.Kd3 e4+ 39.Kc3 a5 40.Rd7+ Kc6
41.Rh7 Rg8 42.Rxh6 Rxg3 43.Rxe6+ Kd5 44.Ra6 Rxe3+ 45.Kc2 Ra3 46.Kb2 e3 47.
Ra8 Ra4 48.Kc3 e2 0-1

[Event "16th EUR-ch"]
[Site "Jerusalem ISR"]
[Date "2015.03.02"]
[Round "6"]
[White "Alexandrov, Alexei"]
[Black "Batsiashvili, Nino"]
[Result "1-0"]
[WhiteElo "2603"]
[BlackElo "2475"]
[EventDate "2015.02.24"]
[PlyCount "93"]

1.d4 f5 2.Nf3 Nf6 3.c4 g6 4.e3 Bg7 5.b4 O-O 6.Bb2 c6 7.Bd3 a5 8.b5 cxb5 9.
cxb5 d5 10.O-O Nbd7 11.Nbd2 Nb6 12.Rc1 Ne4 13.Qc2 Be6 14.Qc7 Nd6 15.Ba3 
Rc8 16.Bxd6 exd6 17.Qxb7 Nc4 18.b6 Qxb6 19.Qxb6 Nxb6 20.Ba6 Rxc1 21.Rxc1 
Ra8 22.Bb5 Rc8 23.Rxc8+ Bxc8 24.a4 Bd7 25.Bxd7 Nxd7 26.Nb1 Nb6 27.Nc3 Bf6 
28.h3 Kf7 29.g4 fxg4 30.hxg4 h5 31.gxh5 gxh5 32.Kg2 Ke6 33.Kg3 Nc4 34.Kf4 
Nb2 35.Ng5+ Kd7 36.Kf5 Bd8 37.Nh3 Kc6 38.Ke6 Bh4 39.f4 Be1 40.f5 Bxc3 41.
f6 Nxa4 42.f7 Nc5+ 43.dxc5 Bg7 44.cxd6 Bf8 45.d7 Kc7 46.Nf4 a4 47.Ng6 1-0

[Event "16th EUR-ch"]
[Site "Jerusalem ISR"]
[Date "2015.03.02"]
[Round "6"]
[White "Firat, Burak"]
[Black "Marin, Mihail"]
[Result "1/2-1/2"]
[WhiteElo "2486"]
[BlackElo "2603"]
[EventDate "2015.02.24"]
[PlyCount "128"]

1.e4 e6 2.d4 d5 3.Nc3 Bb4 4.e5 b6 5.Bd2 Ne7 6.f4 Bxc3 7.Bxc3 a5 8.g3 h5 9.
Nf3 Qd7 10.Qd2 Ba6 11.Bh3 g6 12.Qf2 Nbc6 13.g4 hxg4 14.Bxg4 O-O-O 15.h4 
Ng8 16.O-O-O Nh6 17.Bh3 Ne7 18.Bg2 Nef5 19.Bh3 Ng7 20.Nh2 Nhf5 21.Nf3 Kb7 
22.Kb1 Qe7 23.Bg2 Rc8 24.b3 Kb8 25.Bb2 c5 26.Ba3 Qc7 27.c4 dxc4 28.bxc4 
Bxc4 29.dxc5 b5 30.Rd6 b4 31.Rb6+ Ka7 32.Nd4 Qxc5 33.Rb7+ Ka6 34.Bb2 Nxd4 
35.Qxd4 Bd5 36.Bxd5 exd5 37.Qxc5 Rxc5 38.Rxf7 Nh5 39.Rg1 Rc6 40.f5 gxf5 
41.Rxf5 Rh7 42.Rgg5 Ng7 43.Rf7 Rxh4 44.Rfxg7 Re4 45.Rg1 d4 46.Rd7 Rxe5 47.
Bxd4 Rh5 48.Rg2 Kb5 49.Rdg7 Ka4 50.R7g5 Rxg5 51.Rxg5 Rd6 52.Be3 Re6 53.Bd2
Rd6 54.Kc2 Rc6+ 55.Kb2 Rd6 56.Bc1 Rf6 57.Rc5 Rf2+ 58.Rc2 Rxc2+ 59.Kxc2 Kb5
60.Kd3 a4 61.Kd4 Ka6 62.Kc5 Kb7 63.Kb5 b3 64.axb3 axb3 1/2-1/2

[Event "16th EUR-ch"]
[Site "Jerusalem ISR"]
[Date "2015.03.02"]
[Round "6"]
[White "Hovhannisyan, Robert"]
[Black "Damaso, Rui"]
[Result "1/2-1/2"]
[WhiteElo "2592"]
[BlackElo "2451"]
[EventDate "2015.02.24"]
[PlyCount "128"]

1.d4 Nf6 2.Nf3 g6 3.Nc3 d5 4.Bf4 Bg7 5.e3 c5 6.dxc5 O-O 7.Be2 Nbd7 8.Nxd5 
Nxd5 9.Qxd5 Qa5+ 10.Qd2 Qxd2+ 11.Kxd2 Bxb2 12.Rab1 Bg7 13.Rb5 b6 14.c6 Nc5
15.Rxc5 bxc5 16.c7 a6 17.Ne5 Bxe5 18.Bxe5 f6 19.Bc3 a5 20.Bc4+ Kg7 21.h4 
Ra7 22.h5 gxh5 23.Rxh5 Rxc7 24.Bxa5 Rc6 25.Kc3 Bg4 26.Rh4 Be6 27.Bb5 Rd6 
28.a4 Rc8 29.Kb2 Ra8 30.Bc7 Rd2 31.Rf4 Bf7 32.Kc3 Rd1 33.Bb6 h5 34.a5 Ra1 
35.Rh4 Ra3+ 36.Kd2 c4 37.Bxc4 Ra4 38.Bd5 R8xa5 39.Bxa5 Rxh4 40.Bf3 Ra4 41.
Bd8 Ra7 42.Bb6 Rd7+ 43.Ke1 h4 44.e4 e5 45.Bd1 Rb7 46.Be3 Bc4 47.f3 Kg6 48.
Bf2 Rh7 49.Be2 Bxe2 50.Kxe2 Kh5 51.c4 Rg7 52.Kf1 Rb7 53.c5 Rb1+ 54.Ke2 
Rb2+ 55.Kf1 Rc2 56.Kg1 Rc1+ 57.Kh2 Rf1 58.Be3 Re1 59.Bf2 Rc1 60.Be3 Rc2 
61.Kh3 Re2 62.Bg1 Re1 63.Kh2 Kg5 64.c6 Kh5 1/2-1/2

[Event "16th EUR-ch"]
[Site "Jerusalem ISR"]
[Date "2015.03.02"]
[Round "6"]
[White "Iordachescu, Viorel"]
[Black "Sanal, Vahap"]
[Result "0-1"]
[WhiteElo "2590"]
[BlackElo "2460"]
[EventDate "2015.02.24"]
[PlyCount "164"]

1.e4 e5 2.Nf3 Nc6 3.Bb5 a6 4.Ba4 Nf6 5.O-O Be7 6.d3 b5 7.Bb3 d6 8.a3 O-O 
9.Nbd2 h6 10.Re1 Re8 11.c3 Na5 12.Ba2 c5 13.b4 Nc6 14.Bb2 Bf8 15.Qc2 Ra7 
16.Rad1 Rc7 17.Qb1 g6 18.h3 Kh7 19.Nf1 Bg7 20.Ne3 Rd7 21.Nd5 Bb7 22.Bc1 
Nxd5 23.Bxd5 Qc8 24.Be3 Nd8 25.c4 Bxd5 26.cxd5 Rc7 27.Rc1 Nb7 28.Nd2 Qd7 
29.Nb3 Rec8 30.Qb2 f5 31.f3 c4 32.dxc4 bxc4 33.Na1 c3 34.Qc2 Rc4 35.Qd3 
Bf6 36.Re2 a5 37.Nc2 Kg7 38.Rb1 f4 39.Bf2 Bd8 40.Ree1 g5 41.Rec1 h5 42.Kf1
g4 43.hxg4 hxg4 44.Ke2 g3 45.Bg1 Kf6 46.Rb3 a4 47.Rbb1 Qb5 48.Ne1 Bb6 49.
Rxc3 Bxg1 50.Rbc1 Rxc3 51.Qxb5 Rxc1 52.Qxb7 R1c7 53.Qa6 Ke7 54.b5 Rc1 55.
b6 Bf2 56.Qb7+ Kd8 57.Qf7 Bxb6 58.Qf8+ Kd7 59.Qf7+ Kd8 60.Qf8+ Kc7 61.Qe7+
Kb8 62.Qxd6+ Kb7 63.Qd7+ Ka6 64.Qe6 Kb7 65.Qd7+ Ka6 66.Qe6 Kb5 67.Qd7+ Ka5
68.Qe7 Rb1 69.Qxe5 Rcc1 70.d6+ Ka6 71.Qe8 Rxe1+ 72.Kd3 Red1+ 73.Ke2 Re1+ 
74.Kd3 Red1+ 75.Ke2 Rxd6 76.Qa8+ Kb5 77.Qe8+ Kc4 78.Qg8+ Kc3 79.Qc8+ Kb3 
80.Qg8+ Kxa3 81.Qf8 Rb2+ 82.Kf1 Rf2+ 0-1

[Event "16th EUR-ch"]
[Site "Jerusalem ISR"]
[Date "2015.03.02"]
[Round "6"]
[White "Ducarmon, Quinten"]
[Black "Nabaty, Tamir"]
[Result "0-1"]
[WhiteElo "2482"]
[BlackElo "2585"]
[EventDate "2015.02.24"]
[PlyCount "90"]

1.e4 c6 2.d4 d5 3.Nc3 dxe4 4.Nxe4 Bf5 5.Ng3 Bg6 6.Nh3 Nf6 7.Nf4 e5 8.Nxg6 
hxg6 9.dxe5 Qa5+ 10.Bd2 Qxe5+ 11.Qe2 Nbd7 12.Qxe5+ Nxe5 13.Be2 O-O-O 14.
Rd1 Bc5 15.O-O Rhe8 16.h3 Nd5 17.a3 f5 18.Rfe1 b5 19.Kf1 Kc7 20.Rc1 Nc4 
21.Bxc4 bxc4 22.Ne2 Rb8 23.Rb1 Rb7 24.Nc3 Rxe1+ 25.Bxe1 Kd6 26.h4 Ke5 27.
g3 Bd4 28.Na4 c3 29.b3 c5 30.Rd1 Rc7 31.Ke2 f4 32.Kd3 fxg3 33.fxg3 Rf7 34.
Ke2 Re7 35.Kf3 Kd6 36.b4 Re3+ 37.Kg4 Kc6 38.Nxc5 Bxc5 39.bxc5 Re2 40.Kg5 
Rxc2 41.Kxg6 Rg2 42.Ra1 c2 43.Kxg7 Nf4 44.h5 Nxh5+ 45.Kf7 Nxg3 0-1

[Event "16th EUR-ch"]
[Site "Jerusalem ISR"]
[Date "2015.03.02"]
[Round "6"]
[White "Parligras, Mircea-Emilian"]
[Black "Forster, Richard"]
[Result "1-0"]
[WhiteElo "2583"]
[BlackElo "2446"]
[EventDate "2015.02.24"]
[PlyCount "167"]

1.d4 Nf6 2.c4 d6 3.Nc3 e5 4.Nf3 Nbd7 5.e4 g6 6.Be2 Bg7 7.O-O O-O 8.Be3 Qe7
9.Qc2 c6 10.Rfe1 exd4 11.Nxd4 Re8 12.f3 a6 13.Bf1 Ne5 14.Rad1 c5 15.Nb3 
Be6 16.Nd5 Bxd5 17.exd5 Nh5 18.Nd2 f5 19.Nb1 Qf6 20.Kh1 f4 21.Bf2 g5 22.
Be2 Qh6 23.Kg1 g4 24.fxg4 Nf6 25.Qf5 Qg6 26.Qxg6 hxg6 27.h3 Ne4 28.Nc3 
Nxf2 29.Kxf2 Nf7 30.Bd3 Bd4+ 31.Kf1 Be3 32.Bxg6 Re7 33.Bxf7+ Kxf7 34.Rd3 
Rae8 35.Nd1 b5 36.cxb5 c4 37.Rc3 axb5 38.Nxe3 fxe3 39.Ke2 Kf6 40.Kf3 e2 
41.Rc2 Re3+ 42.Kf2 Rd3 43.Rexe2 Re5 44.a4 Rexd5 45.axb5 R5d4 46.Rc3 Rf4+ 
47.Ke1 Rd5 48.b3 Rxb5 49.Rxc4 Kg5 50.Re8 Rf7 51.Rc3 Rfb7 52.Re6 Rxb3 53.
Rxb3 Rxb3 54.Rxd6 Kh4 55.Kf2 Rb2+ 56.Kg1 Kg3 57.Rd3+ Kh4 58.Kh2 Ra2 59.Rd8
Rb2 60.Rh8+ Kg5 61.Rh5+ Kg6 62.Rf5 Rb3 63.Rf3 Rb2 64.Kg3 Ra2 65.h4 Rb2 66.
h5+ Kg5 67.Rf5+ Kh6 68.Rf6+ Kg7 69.Ra6 Rc2 70.g5 Rc5 71.Kh4 Rc4+ 72.g4 Kh7
73.Ra7+ Kh8 74.h6 Rc6 75.Kh5 Rc5 76.Re7 Ra5 77.Kg6 Ra6+ 78.Kf5 Ra8 79.g6 
Kg8 80.Kg5 Ra5+ 81.Kh4 Ra8 82.Kh5 Kh8 83.g5 Rb8 84.h7 1-0

[Event "16th EUR-ch"]
[Site "Jerusalem ISR"]
[Date "2015.03.02"]
[Round "6"]
[White "Yuffa, Daniil"]
[Black "Banusz, Tamas"]
[Result "1/2-1/2"]
[WhiteElo "2469"]
[BlackElo "2582"]
[EventDate "2015.02.24"]
[PlyCount "157"]

1.d4 d5 2.c4 c6 3.Nc3 Nf6 4.e3 e6 5.Nf3 a6 6.Qc2 c5 7.cxd5 exd5 8.Be2 Be6 
9.O-O Nc6 10.Rd1 Nb4 11.Qb1 Qc8 12.Bd2 Bf5 13.Qc1 c4 14.a3 Nd3 15.Bxd3 
Bxd3 16.Ne5 Bf5 17.e4 dxe4 18.Na4 Qe6 19.Nxc4 b5 20.Nab6 bxc4 21.Nxa8 Qc6 
22.d5 Qxa8 23.Qxc4 Bd6 24.Bb4 Qb8 25.Qc6+ Ke7 26.Qxa6 Bxb4 27.axb4 Qd6 28.
Qa7+ Nd7 29.Ra6 Qe5 30.d6+ Ke6 31.Ra5 Qf4 32.Qd4 Rc8 33.h3 h6 34.b5 Qe5 
35.Qxe5+ Kxe5 36.b6+ Kf6 37.b7 Rb8 38.Rb5 e3 39.fxe3 Be4 40.Rc1 Ke6 41.Rc8
Rxb7 42.Rxb7 Bxb7 43.Rh8 Nf6 44.Rd8 Bc6 45.Kf2 Ne4+ 46.Ke2 Nxd6 47.Kf2 h5 
48.Rb8 h4 49.b4 g5 50.Rd8 Ke7 51.Rb8 Kd7 52.Rg8 Bd5 53.Kf1 f6 54.Rh8 Ne4 
55.Rf8 Ke7 56.Rc8 Nd6 57.Rc5 Bc4+ 58.Kg1 Kd7 59.Ra5 Kc6 60.Rc5+ Kb6 61.e4 
Be6 62.e5 Nb7 63.Rc3 f5 64.g3 Nd8 65.gxh4 gxh4 66.Kf2 Nf7 67.Ke3 Nxe5 68.
Kf4 Nc4 69.Kg5 Nd6 70.Kxh4 Ne4 71.Rf3 Kb5 72.Kh5 Kxb4 73.Kg6 Kc5 74.h4 Nd6
75.h5 Bf7+ 76.Kg5 Bxh5 77.Kxh5 Kd4 78.Kg5 Ke5 79.Rf1 1/2-1/2

[Event "16th EUR-ch"]
[Site "Jerusalem ISR"]
[Date "2015.03.02"]
[Round "6"]
[White "Makhmutov, Rail"]
[Black "Ter-Sahakyan, Samvel"]
[Result "0-1"]
[WhiteElo "2448"]
[BlackElo "2580"]
[EventDate "2015.02.24"]
[PlyCount "100"]

1.d4 d5 2.c4 c6 3.Nc3 Nf6 4.e3 e6 5.Nf3 Nbd7 6.Bd3 dxc4 7.Bxc4 b5 8.Bd3 
Bd6 9.O-O O-O 10.Bd2 Bb7 11.Rc1 Rc8 12.a3 a5 13.e4 e5 14.dxe5 Nxe5 15.Nxe5
Bxe5 16.Qe2 Re8 17.Rfd1 Qd6 18.g3 Rcd8 19.Bb1 Qe7 20.f3 Bc8 21.Be3 Be6 22.
Kg2 h5 23.Qf2 Bb3 24.Rxd8 Rxd8 25.Bb6 Ra8 26.Bc2 Qe6 27.Bd4 Bxd4 28.Qxd4 
Bc4 29.Rd1 Re8 30.Qc5 Nd7 31.Qa7 Ne5 32.Qxa5 Bb3 33.Rc1 h4 34.Bxb3 h3+ 35.
Kf1 Qxb3 36.Qb4 Qxb4 37.axb4 Nxf3 38.Ke2 Ne5 39.Rf1 Rd8 40.Rf5 f6 41.Rh5 
Rd4 42.Rxh3 Rxb4 43.Nd1 Rxe4+ 44.Kd2 Nf3+ 45.Kd3 Rd4+ 46.Ke3 Rxd1 47.Kxf3 
Rd3+ 48.Ke4 Rb3 49.Rh5 Rxb2 50.Rc5 Re2+ 0-1

[Event "16th EUR-ch"]
[Site "Jerusalem ISR"]
[Date "2015.03.02"]
[Round "6"]
[White "Jojua, Davit"]
[Black "Sarana, Alexey"]
[Result "1/2-1/2"]
[WhiteElo "2579"]
[BlackElo "2419"]
[EventDate "2015.02.24"]
[PlyCount "47"]

1.d4 Nf6 2.c4 e6 3.Nf3 d5 4.Nc3 dxc4 5.Qa4+ Nbd7 6.e4 a6 7.Bxc4 Rb8 8.Qc2 
b5 9.Bd3 c5 10.Bf4 Rb6 11.dxc5 Nxc5 12.Rd1 Bd7 13.Ne5 Bd6 14.Nxd7 Nfxd7 
15.e5 Bxe5 16.Bxe5 Nxe5 17.Bxb5+ Ned7 18.Bxd7+ Nxd7 19.Qa4 Qc7 20.O-O Rc6 
21.Qd4 Nf6 22.Qb4 Qb6 23.Qa3 Qc5 24.Qxc5 1/2-1/2

[Event "16th EUR-ch"]
[Site "Jerusalem ISR"]
[Date "2015.03.02"]
[Round "6"]
[White "Dvoirys, Semen"]
[Black "Kudischewitsch, David"]
[Result "1-0"]
[WhiteElo "2578"]
[BlackElo "2334"]
[EventDate "2015.02.24"]
[PlyCount "61"]

1.e4 d5 2.exd5 Qxd5 3.Nc3 Qd6 4.d4 a6 5.Nf3 Nf6 6.Be2 Nbd7 7.O-O c5 8.dxc5
Qxc5 9.Ng5 g6 10.Be3 Qa5 11.Bc4 Ne5 12.Qd4 Bg7 13.Bd5 O-O 14.Qc5 Qxc5 15.
Bxc5 h6 16.Nge4 Re8 17.Rfe1 Nfd7 18.Be3 Rb8 19.Rad1 Nf8 20.Ba7 Ra8 21.Bd4 
Rb8 22.f4 Bg4 23.Bxe5 Bxe5 24.fxe5 Bxd1 25.Rxd1 Rec8 26.Bb3 e6 27.Nf6+ Kg7
28.Nce4 Rd8 29.Nd6 g5 30.Rf1 Nd7 31.Nxf7 1-0